Stray kids: Seungmin - Statistics

General Stats
  • This quiz has been taken 380 times
  • The average score is 11 of 15
Answer Stats
Questions Answer % Correct
What animal is Seungmin's Skzoo? Dog/Puppy
100%
Did Seungmin have braces? Yes
98%
Does Seungmin have an Older or Younger sister? Older
96%
Who is the only member Seungmin is older than? I.N
95%
What is the name of Seungmin's Skzoo? PuppyM
93%
What colour is PuppyM? Beige/Brown
92%
What Racha line is Seungmin apart of? VocalRacha
90%
What sport does/did Seungmin play? Baseball
89%
Which member did Seungmin go to high school with? Chan
84%
How long was Seungmin a trainee for? 1 Year
76%
What is Seungmin's solo song? (Skz Replay) Stars and raindrops
60%
When is Seungmin's brithday? (M/D/Y) September 22nd 2000
59%
How tall is Seungmin is cm? 177cm
25%
What animal was going to be Seungmin's Skzoo? Snail
11%
What is Seungmin backwards? Backwards Seungmin
2%
No matching quizzes found
Score Distribution
Percent of People with Each Score
Percentile by Number Answered
Your Score History
You have not taken this quiz